00373nam a2200121Ia 4500008004100000041001200041082002100053100003400074245006700108260002500175300001200200650003900212231217s9999 xx 000 0 und d aEnglish a001.53 NIE;1 R aNie, Junhong Linkens, Derek A 0aFuzzy-neural control : principles, algorithms and applications c1995bPHIaNew Delhi axii+243 aFuzzy-neural,control,:,principles,